00566nam a2200157Ia 4500008004000000082001800040100001500058245004500073260003300118300001600151650005800167690002300225906000900248999001900257952013200276210210b1992 xxu||||| |||| 00| 0 eng d a510.2465 NAGB aNAG (N K). aBusiness mathematics and statistics. P1. aNDbKalyani Publishersc1992 avii,730,240 aI C W A maths Algebra, geometry Calculus Mensurati aBusiness Mathemati a0540 c101986d101986 001040708MathematicsaALbALcMathematicsd2021-02-17g100.00l0o510.2465 NAGBp054051r2021-02-17 00:00:00w2021-02-17yBK